|
|
|
|
| LEADER |
00000cam a2200000 7i4500 |
| 001 |
0000000597 |
| 005 |
20151222.0 |
| 008 |
070702 |
| 020 |
|
|
|a 9830212327(set)
|
| 020 |
|
|
|a 9830212378
|
| 090 |
0 |
0 |
|a JF
|b MAL (329)
|
| 100 |
0 |
|
|a S. Shahril
|
| 245 |
1 |
0 |
|a Cita yang hilang
|c S. Shahril
|
| 260 |
|
|
|a Selangor :
|b Pustaka Angsana ,
|c 2003
|
| 440 |
|
0 |
|a Siri novel menggapai impian
|
| 500 |
|
|
|a Children ages 7-9 years old (orange)
|
| 650 |
|
0 |
|a Malay fiction
|
| 999 |
|
|
|a 0000007817
|b Book
|c Children Collection
|e Cawangan Taman Universiti
|
| 999 |
|
|
|a 0000007818
|b Book
|c Children Collection
|e Cawangan Taman Universiti
|
| 999 |
|
|
|a 0000007819
|b Book
|c Children Collection
|e Cawangan Taman Universiti
|
| 999 |
|
|
|a 0000886187
|b Book
|c Children Collection
|e Cawangan Mersing
|
| 999 |
|
|
|a 0000958889
|b Book
|c Children Collection
|e Cawangan Bandar Tenggara
|
| 999 |
|
|
|a 0000958890
|b Book
|c Children Collection
|e Perbadanan Perpustakaan Awam Johor
|
| 999 |
|
|
|a 0000958891
|b Book
|c Children Collection
|e Cawangan Taman Universiti
|
| 999 |
|
|
|a 0000958892
|b Book
|c Children Collection
|e Perbadanan Perpustakaan Awam Johor
|
| 999 |
|
|
|a 0001054648
|b Book
|c Children Collection
|e Cawangan Taman Universiti
|
| 999 |
|
|
|a 0001054649
|b Book
|c Children Collection
|e Cawangan Taman Universiti
|
| 999 |
|
|
|a 0001054650
|b Book
|c Children Collection
|e Cawangan Tangkak
|